|
|
|
|
| LEADER |
00000nab a2200000 a 4500 |
| 001 |
vtls000426302 |
| 003 |
SK-MaSNL |
| 005 |
20260304041322.0 |
| 008 |
120925c1991 xo 0 slo |
| 015 |
|
|
|a SNBRB19rr/mm-uuuuu
|
| 035 |
|
|
|a CL0426430
|
| 040 |
|
|
|a SNKBUCL
|b slo
|c SNKBUCL
|e AACR2
|
| 041 |
0 |
|
|a slo
|
| 044 |
|
|
|a xo
|c SK
|
| 080 |
|
|
|a 636.597.02:636.084
|2 1981
|
| 080 |
|
|
|a 636.084
|2 1981
|
| 100 |
1 |
|
|a Malík, Vladimír,
|d 1931-2007
|4 aut
|9 229350
|
| 245 |
1 |
0 |
|a Kŕmenie odrastených chovných kačíc
|c Vladimír Malík ; Vladimír Malík
|
| 300 |
|
|
|b Obr. 1.
|
| 650 |
0 |
7 |
|a kačice
|2 snkbucl
|9 2827
|
| 650 |
0 |
7 |
|a kŕmenie
|2 snkbucl
|9 532510
|
| 655 |
|
7 |
|a články z novín a časopisov
|2 snkbucl
|9 267496
|
| 700 |
1 |
|
|a Malík, Vladimír,
|d 1931-2007
|4 gup
|9 229350
|
| 773 |
0 |
|
|t Roľnícke noviny
|g Roč. 46, č. 189 (14. 8. 1991), s. 8
|
| 850 |
|
|
|a Slovenská národná knižnica v Martine
|a MTA001
|
| 852 |
|
|
|a SNK
|b KIS3GCP
|
| 958 |
|
|
|a RK
|
| 992 |
|
|
|a RBX
|
| 999 |
|
|
|c 2667821
|d 2669751
|